Review of the Malaysian oil palm industry 2005.
| Corporate Author: | |
|---|---|
| Format: | Book |
| Published: |
Selangor:
Economics and Industry Development Division,
2006.
|
| Subjects: |
| LEADER | 00490cam a2200157 7i4500 | ||
|---|---|---|---|
| 001 | 0000020249 | ||
| 005 | 20080109090000.0 | ||
| 022 | 0 | 0 | |a 1511-7488 |
| 090 | 0 | 0 | |a M 641.583 |b MAL |
| 110 | 2 | 0 | |a Malaysia Palm Oil Board |
| 245 | 0 | 0 | |a Review of the Malaysian oil palm industry 2005. |
| 260 | 0 | 0 | |a Selangor: |b Economics and Industry Development Division, |c 2006. |
| 300 | # | # | |a 92 p. |
| 650 | 0 | 0 | |a Palm oil industry -- |z Malaysia |
| 651 | 0 | 0 | |a Malaysia |
| 999 | |a 0000018760 |b Book |c Malaysia |e Business Information Centre | ||